Chansons Angèle - Statistiques

Statistiques générales
  • Ce quiz a été pris 72 fois
  • Le résultat moyen est 27 sur 51
Statistiques - réponses
Featuring % Correct
2 Balance ton quoi
93%
10 Ta reine
88%
7 Ta reine - version orchestrale
88%
4 Tout Oublier (ft Roméo Elvis)
86%
1 La Thune
83%
7 Démons (ft Damso)
79%
6 Démons - live orchestral (ft Damso)
79%
1 Fever (ft Dua Lipa)
79%
5 La loi de Murphy
79%
1 Bruxelles je t'aime
78%
2 Oui ou non
78%
6 Taxi
71%
12 Flou
69%
2 Libre
66%
9 Je veux tes yeux
64%
3 Jalousie
60%
3 Evidemment (ft Orelsan)
59%
8 Les matins
57%
9 Tempête
57%
6 Nombreux
55%
5 J'entends
53%
1 Perdus
53%
1 Amour, Haine et Danger
52%
11 Flemme
52%
4 Solo
52%
6 Que du love (ft Kiddy Smile)
50%
3 Insomnies
47%
5 Le temps fera les choses
47%
7 Le temps fera les choses - alternative version
47%
12 Mauvais rêves
47%
8 Plus de sens
47%
4 Patrick
45%
7 Victime des réseaux
45%
3 On s'habitue
43%
4 Tu me regardes
43%
11 Mots justes
41%
5 Pensées positives
40%
3 Silence (ft Damso)
38%
2 Promets-moi
36%
2 Sempre/Jamais (ft Mahmood)
36%
6 J'ai vu (ft Roméo Elvis)
34%
10 Profite
34%
4 Notre Dame (ft Gazo et Tiakola)
33%
8 Duo (ft Philippe Katerine)
31%
7 S'en aller (ft Swing)
29%
5 Sunflower (ft Tamino)
26%
Brol
24%
Brol la suite
21%
Nonante-cinq
21%
Nonante-cinq la suite
19%
9 Ma Story (ft Caballero & JeanJass)
16%
Aucun quiz correspondant
Distribution des résultats
% des personnes avec chaque résultat
Percentile par nombre de réponses
Votre historique - résultats
Vous n’avez pas pris ce quiz